Statistics for Clash Royale Decoder

Click here to take the quiz!

General Stats

  • This quiz has been taken 34 times
  • The average score is 3 of 8

Answer Stats

HintAnswer% Correct
___ RiderHog
100%
You spend ______ to play a cardElixir
64%
The red is the ________ TeamOpposite
36%
The knight is a _____ cardTroop
27%
Damage Per _______Seconds
21%
When you open the app it has a ____Intro
15%
The fisherman's name is _______Maurice
12%
Heal spirit is the _______ card in the gameWeakest
12%

Score Distribution

Percentile by Number Answered

Percent of People with Each Score

Your Score History

You have not taken this quiz